|
|
|
|
| LEADER |
00000nab a2200000uu 4500 |
| 001 |
vtls011149487 |
| 003 |
SK-MaSNL |
| 005 |
20260303111742.0 |
| 008 |
230121|1994 xo |||||||||||||||||slo| |
| 015 |
|
|
|a SNBRB
|
| 035 |
|
|
|a (urnnbn)urn:nbn:sk:snk:ar-a09z1l
|
| 035 |
|
|
|a (uuid)93cf0485-3e4c-4822-9805-eca88d41c0fa
|
| 035 |
|
|
|a urn:nbn:sk:snk-abazcw
|
| 040 |
|
|
|a SNKBUCL
|b slo
|c SNKBUCL
|e AACR2
|
| 041 |
0 |
|
|a slo
|
| 044 |
|
|
|a xo
|c SK
|
| 100 |
1 |
|
|a Porubská, M.
|4 aut
|9 813336
|
| 245 |
1 |
0 |
|a Príspevok k rozvoju skúšobníctva chemických výrobkov v Slovenskej republike
|c M. Porubská
|
| 773 |
0 |
|
|t Ropa a uhlie : technológia ropy a uhľovodíkových plynov, chemické zužitkovanie uhlia, palivá, technika mazania
|g Roč. 36, č. 1 (1994), s. 48-50
|
| 958 |
|
|
|a OND
|
| 958 |
|
|
|a EUIPO
|
| 958 |
|
|
|a article14
|
| 999 |
|
|
|c 1879430
|d 1881360
|